Islands of the United Kingdom Quiz Stats

 Plays Quiz Updated May 12, 2015

Challenge
Share
Tweet
Embed
Score 0/22 Timer 04:00
20 Plays Today
% Correct
Isle of Man
94.4%
Isle of Wight
92.8%
East Falkland
88.5%
Isle of Skye
88.5%
Anglesey
81%
Grand Cayman
77.1%
Grand Turk Island
68.9%
Ascension Island
66.9%
Montserrat
61.9%
Arran
60%
Eigg
56.3%
% Correct
Ireland Island
55.6%
Ordnance Island
53.5%
Nightingale Island
50.5%
Foulness Island
48.8%
Diego Garcia
47.7%
Inaccessible Island
45.2%
Tortola
41%
Danger Island
40.6%
Nonsuch Island
39.3%
Steeple Jason Island
38.3%
Anegada
28%

You're not logged in!

Compare scores with friends on all Sporcle quizzes.
OR
Log In

You Might Also Like...

Show Comments

Extras

Top Quizzes Today


Score Distribution

Your Account Isn't Verified!

In order to create a playlist on Sporcle, you need to verify the email address you used during registration. Go to your Sporcle Settings to finish the process.

Report this User

Report this user for behavior that violates our Community Guidelines.

Details: